Biggest Cities in the Three Biggest Countries - Statistics

General Stats
  • This quiz has been taken 19 times
  • The average score is 40 of 60
Answer Stats
Hint Rank Country % Correct
United States 3 Chicago
100%
United States 6 Dallas
100%
United States 9 Houston
100%
United States 2 Los Angeles/Riverside
100%
United States 10 Miami
100%
United States 1 New York City
100%
United States 8 San Francisco
100%
United States 11 Atlanta
93%
United States 5 Boston
93%
China 1 Guangzhou/Shenzhen
93%
China 2 Shanghai/Suzhou
93%
United States 4 Washington/Baltimore
93%
India 5 Chennai
87%
India 1 Delhi
87%
India 3 Kolkata
87%
India 2 Mumbai
87%
United States 7 Philadelphia
87%
United States 19 San Diego
87%
United States 15 Seattle
87%
China 3 Chengdu
80%
China 10 Chongqing
80%
China 5 Hangzhou
80%
China 8 Tianjin
80%
China 7 Wuhan
80%
China 6 Xi'an
80%
India 7 Ahmedabad
73%
India 6 Hyderabad
73%
United States 18 Minneapolis
73%
China 12 Nanjing
73%
United States 17 Orlando
73%
United States 14 Phoenix
73%
United States 13 Tampa
73%
India 4 Bangalore
67%
United States 16 Denver
67%
China 16 Qingdao
67%
China 4 Xiamen/Quanzhou
67%
India 20 Agra
60%
United States 20 Cleveland
60%
United States 12 Detroit
60%
China 18 Hong Kong
60%
India 10 Jaipur
60%
India 11 Lucknow
60%
India 8 Pune
60%
China 9 Changsha
53%
India 9 Surat
53%
China 19 Jinan
47%
China 11 Zhengzhou
47%
China 15 Hefei
40%
China 20 Kunming
40%
China 14 Shantou
40%
China 13 Shenyang
40%
India 12 Kanpur
33%
India 14 Nagpur
33%
China 17 Ningbo
33%
India 18 Bhopal
27%
India 13 Indore
27%
India 17 Patna
27%
India 15 Bhilai/Raipur
20%
India 19 Chandigarh
13%
India 16 Coimbatore
13%
No matching quizzes found
Score Distribution
Percent of People with Each Score
Percentile by Number Answered
Your Score History
You have not taken this quiz